[Event "Rostov Region-ch op"]
[Site "Rostov on Don"]
[Date "2011.10.20"]
[Round "7.21"]
[White "Rasskazov, Viktor"]
[Black "Reva, Kirill"]
[Result "0-1"]
[WhiteElo "2002"]
[BlackElo "1908"]
[PlyCount "78"]
[EventDate "2011.10.20"]
[EventType "swiss"]
[EventRounds "9"]
[EventCountry "RUS"]
[SourceTitle "EXT 2022"]
[Source "ChessBase"]
[SourceDate "2021.10.06"]
[SourceVersion "1"]
[SourceVersionDate "2021.10.06"]
[SourceQuality "1"]

1. d4 Nf6 2. Nf3 g6 3. c4 d5 4. Nc3 Bg7 5. cxd5 Nxd5 6. e4 Nxc3 7. bxc3 c5 8. Be3 0-0 9. Qd2 cxd4 10. cxd4 Nd7 11. Bd3 Nb6 12. a4 Be6 13. 0-0 Nc4 14. Bxc4 Bxc4 15. Rfc1 Rc8 16. Rab1 Qd7 17. Rb4 Ba6 18. Rcb1 b6 19. Bh6 Qc6 20. Bxg7 Kxg7 21. d5 Qc3 22. Qxc3+ Rxc3 23. Ne5 f5 24. f3 fxe4 25. Rxe4 Rd8 26. Rbe1 Rxd5 27. Ng4 e5 28. Nxe5 Rc7 29. h4 h5 30. g4 Rd2 31. gxh5 gxh5 32. Kh1 Rcc2 33. Rg1+ Kh7 34. Rg5 Rc1+ 35. Rg1 Bf1 36. Re3 Bg2+ 37. Kh2 Bxf3+ 38. Kg3 Rxg1+ 39. Kxf3 Rd4 0-1

[Event "Rostov Region-ch op"]
[Site "Rostov on Don"]
[Date "2011.10.20"]
[Round "8.25"]
[White "Tutov, Viktor"]
[Black "Rasskazov, Viktor"]
[Result "1-0"]
[WhiteElo "1926"]
[BlackElo "2002"]
[PlyCount "52"]
[EventDate "2011.10.20"]
[EventType "swiss"]
[EventRounds "9"]
[EventCountry "RUS"]
[SourceTitle "EXT 2022"]
[Source "ChessBase"]
[SourceDate "2021.10.06"]
[SourceVersion "1"]
[SourceVersionDate "2021.10.06"]
[SourceQuality "1"]

1. Nf3 Nf6 2. g3 g6 3. Bg2 Bg7 4. 0-0 0-0 5. d4 d6 6. Nc3 Nbd7 7. e4 c5 8. Re1 cxd4 9. Nxd4 a6 10. a4 Qc7 11. a5 e6 12. Nb3 Ne5 13. Bf1 Bd7 14. Be3 Rac8 15. Bb6 Qb8 16. f4 Nc4 17. Bxc4 Rxc4 18. e5 dxe5 19. fxe5 Nd5 20. Nxd5 exd5 21. Nc5 Bc6 22. b3 Rb4 23. c3 Rxb6 24. axb6 Bxe5 25. Qd3 Bg7 26. Re7 Qd6 1-0